000 00553nam a2200181Ia 4500
008 181130s2018 xx 000 0 und d
100 _aKamei, Richard
245 _aTribal land, customary law, and the Manipur land revenue and land reforms act
260 _c2018
300 _ap.52-56.
504 _d12-May
650 _aLand tenure
650 _aLand tenure - India - Manipur
650 _aManipur land revenue and land reforms act
650 _aTribals - India - Manipur
773 _aEconomic and Political Weekly
906 _aLand tenure
999 _c506377
_d506377